[Event "Nizhnij Novgorod Dubinin Memorial 22nd"]
[Site "Nizhnij Novgorod"]
[Date "2015.??.??"]
[Round "1"]
[White "Tsvetkova, Vladislava"]
[Black "Nesterov, Nikolai"]
[Result "0-1"]
[WhiteElo "1586"]
[BlackElo "2035"]
[PlyCount "66"]
[EventDate "2015.01.03"]
[EventType "swiss"]
[EventRounds "9"]
[EventCountry "RUS"]
[SourceTitle "CBM 164 Extra"]
[Source "ChessBase"]
[SourceDate "2015.03.02"]
[SourceVersion "1"]
[SourceVersionDate "2015.03.02"]
[SourceQuality "1"]

1. d4 d5 2. g3 g6 3. Bg2 Bg7 4. Nf3 Nf6 5. 0-0 0-0 6. c4 c6 7. Nc3 Ne4 8. cxd5 cxd5 9. Qb3 Nxc3 10. Qxc3 Nc6 11. Bf4 Bf5 12. Ne5 Rc8 13. Nxc6 Rxc6 14. Qb3 Rb6 15. Qc3 Qd7 16. e3 Rc8 17. Qa5 Rxb2 18. Qxd5 Rcc2 19. a3 Qc8 20. Be5 Bh6 21. Qa5 f6 22. Bf4 Bxf4 23. gxf4 Bd3 24. Rfd1 Ba6 25. Rab1 Rxb1 26. Bd5+ e6 27. Rxb1 exd5 28. Qxd5+ Kg7 29. Qe4 Rc1+ 30. Rxc1 Qxc1+ 31. Kg2 Qf1+ 32. Kg3 Qg1+ 33. Kh3 Bf1+ 0-1

[Event "Nizhnij Novgorod-ch"]
[Site "Nizhnij Novgorod"]
[Date "2014.??.??"]
[Round "2"]
[White "Borisov, Sergey N"]
[Black "Nesterov, Nikolai"]
[Result "0-1"]
[WhiteElo "1878"]
[BlackElo "2100"]
[PlyCount "102"]
[EventDate "2014.03.??"]
[EventType "swiss"]
[EventRounds "9"]
[EventCountry "RUS"]
[SourceTitle "EXT 2016"]
[Source "ChessBase"]
[SourceDate "2015.10.08"]
[SourceVersion "1"]
[SourceVersionDate "2015.10.08"]
[SourceQuality "1"]

1. e4 c5 2. Nf3 Nc6 3. d4 cxd4 4. Nxd4 Nf6 5. Nc3 d6 6. Bc4 g6 7. 0-0 Bg7 8. Re1 0-0 9. h3 Bd7 10. Nf3 Rc8 11. Bf1 Qa5 12. Nd5 Nxd5 13. exd5 Ne5 14. c3 Ba4 15. Qd2 Nxf3+ 16. gxf3 Bf6 17. Bg2 Bd7 18. f4 Bf5 19. Qd1 b5 20. a3 a6 21. Be3 Qc7 22. Bd4 Bh4 23. Kh2 Qd7 24. Qd2 a5 25. Re3 Rb8 26. Rae1 Rfc8 27. b3 a4 28. b4 Rc7 29. Bf1 Rbc8 30. Rf3 e6 31. dxe6 fxe6 32. Bd3 Bxd3 33. Qxd3 Re8 34. Rg1 Kf7 35. f5 exf5 36. Rxf5+ Qxf5 37. Qxf5+ gxf5 38. Rg7+ Ke6 39. Rxc7 Re7 40. Rc8 Kd5 41. Rf8 Ke4 42. Rb8 Kf3 43. Rxb5 f4 44. Rh5 Bxf2 45. Bxf2 Kxf2 46. Rf5 f3 47. h4 Ke2 48. Kg3 Rg7+ 49. Kf4 f2 50. Ke4 f1Q 51. Rxf1 Kxf1 0-1

[Event "Nizhnij Novgorod-ch 61st"]
[Site "Nizhnij Novgorod"]
[Date "2009.03.??"]
[Round "?"]
[White "Svetlov, Dmitry"]
[Black "Nesterov, Nikolai"]
[Result "1-0"]
[WhiteElo "2328"]
[BlackElo "2106"]
[PlyCount "63"]
[EventDate "2009.03.06"]
[EventType "swiss"]
[EventRounds "9"]
[EventCountry "RUS"]
[SourceTitle "EXT 2010"]
[Source "ChessBase"]
[SourceDate "2010.11.25"]
[SourceVersion "1"]
[SourceVersionDate "2010.11.25"]
[SourceQuality "1"]

1. d4 Nf6 2. Nf3 g6 3. c4 Bg7 4. g3 0-0 5. Bg2 d6 6. 0-0 c6 7. Nc3 Qc7 8. e4 e5 9. Qc2 a6 10. b3 Re8 11. Rd1 Bg4 12. Be3 Qe7 13. h3 Bc8 14. Rac1 Nbd7 15. b4 b6 16. c5 bxc5 17. bxc5 dxc5 18. dxe5 Nxe5 19. Nxe5 Qxe5 20. f4 Qh5 21. e5 Bxh3 22. Bxc6 Bf5 23. Qg2 Bh3 24. Qd2 Qg4 25. Bf2 Rac8 26. exf6 Rxc6 27. fxg7 Rce6 28. Qd5 h5 29. Re1 h4 30. Rxe6 fxe6 31. Qd3 Kxg7 32. Qd7+ 1-0